| 000 | 02796nam a22003377a 4500 | ||
|---|---|---|---|
| 003 | OSt | ||
| 005 | 20240401192944.0 | ||
| 008 | 220814b ||||| |||| 00| 0 eng d | ||
| 040 |
_aCvSU-CCAT Campus Library. _bEnglish. _cCvSU-CCAT Campus Library. _erda. |
||
| 050 |
_aUM TJ 1185 _bM66 2017 |
||
| 100 |
_aMontecillo, Jeferson G., Author _96445 |
||
| 245 |
_aDevelopment of broching tool / _cJeferson C. Montecillo, Catherine Ann C. Naling, and Christian Jay M. Rendora. |
||
| 260 |
_aRosario, Cavite : _bCavite State University-CCAT Campus, _c2017. |
||
| 300 |
_axiii, 45 leaves : _blllustrations ; _c28 cm |
||
| 500 | _aDesign Project (BSIT) Major in Mechanical Technology--Cavite State University-CCAT Campus, 2017. | ||
| 504 | _aIncludes bibliographical references and appendices. | ||
| 520 | _aABSTRACT MONTECILLO, JEFERSON G., NALING, CATHERINE ANN C., AND RENDORA, CRISTIAN JAY M. Development of Broaching Tool. Undergraduate Thesis. Bachelor of Science and Industrial Technology Major in Mechanical Technology. Cavite State University Rosario Campus-Rosario, Cavite. March 2016. Adviser: Mr. Nestor Alvarez. Technical critic: Mr. Romulo B. Isorena. The study was conducted from July 2015 to February 2016 to develop and evaluate broaching tool. This study aimed to; 1) design broaching tools; 2) construct broaching tool using available materials in the local market; 3) evaluate the performance of the prototype in terms of accuracy and time of broaching ; 4) conduct cost analysis for the fabrication of the project. Broaching tool was constructed with 3 different broaching tools in different sizes such as 1mm, 2mm and 3mm. It was use with the help of five (5) different guides of different diameter. Each guide was inserted in accordance to the diameter and size of the hole of the work piece. Each guide have seam used to adjust the broaching tool to its desired or required depth of the keyway. The use of the guide was to place the broaching tool to its position and cut the keyway right at the center of the workpiece, making it precise and accurate. It is easy and faster to use. The overall efficiency of the broaching tool was to make an accurate and precise keyway on holes faster and easier. | ||
| 546 | _aIn English text. | ||
| 650 |
_aMachine-tools. _91998 |
||
| 650 |
_aMachining. _9970 |
||
| 650 |
_aBroaching tools. _96446 |
||
| 650 |
_aAccuracy. _96228 |
||
| 650 |
_aPrototype. _95953 |
||
| 650 |
_aCost analysis. _95484 |
||
| 700 |
_aNaling, Catherine Ann C., author. _96447 |
||
| 700 |
_aRendora, Christian Jay M., author. _96448 |
||
| 700 |
_aAlvarez, Nestor M., adviser. _95915 |
||
| 700 |
_aIsorena, Romulo B., technical critic. _95993 |
||
| 942 |
_cT/M/D _hTJ 1185 M66 2017 _kUM _2lcc |
||
| 999 |
_c1894 _d1894 |
||